000 00506nam a2200145Ia 4500
008 151213s9999 xx 000 0 und d
100 _aআল মুজাহিদী।
245 _aকাঁদো হিরোশিম্ াকাদো নাগাসাকি।
_cআল মুজাহিদী।
260 _aঢাকা
_bঅস্তিত্ব।
_c2000
300 _a8722 p.
650 _aBangla
650 _aগল্প
700 _aআল মুজাহিদী।
999 _c4508
_d4508